banner koha

Local de acao de trifluralin na germinacao de capim-carrapicho [Cenchrus echinatus] (Registro n. 98603)

MARC details
000 -LÍDER
campo de controle de tamanho fixo 00971nas a2200289 4500
001 - NÚMERO DE CONTROLE
campo de controle BR7802779
003 - IDENTIFICADOR DO NÚMERO DE CONTROLE
campo de controle BR-BrBNA
005 - DATA E HORÁRIO DA ÚLTIMA TRANSAÇÃO
campo de controle 20231205083420.0
007 - CAMPO FIXO DE DESCRIÇÃO FÍSICA--INFORMAÇÃO GERAL
campo de controle de tamanho fixo ta
008 - CAMPO DE DADOS FIXOS--INFORMAÇÃO GERAL
campo de controle de tamanho fixo 230509b bl.|||p| |||| 00| 00por d
040 ## - FONTE DA CATALOGAÇÃO
Instituição da catalogação original BR-BrBNA
Idioma da catalogação por
Instituição que transcreveu o registro Biblioteca Nacional de Agricultura
041 ## - CÓDIGO DE IDIOMA
Código do idioma do texto/trilha sonora ou título diferente (Pt)
072 ## - CÓDIGO DE CATEGORIA DE ASSUNTO
Código de Categoria de Assunto F60; H60
100 1# - ENTRADA PRINCIPAL--NOME PESSOAL
Nome pessoal Deuber, R.
100 1# - ENTRADA PRINCIPAL--NOME PESSOAL
Nome pessoal Forster, R.
100 1# - ENTRADA PRINCIPAL--NOME PESSOAL
Nome pessoal Signori, L.H.
111 1# - ENTRADA PRINCIPAL--NOME DO EVENTO
Nome do evento ou lugar 3. Congresso de la Asciacion Latinoamericana de Malezas e 8. Reuniaon Argentina de Malezas y su Control
Local do evento Mar del Plata (Argentina)
Data do evento ou assinatura do tratado 28 Mar 1976
245 1# - TÍTULO
Título Local de acao de trifluralin na germinacao de capim-carrapicho [Cenchrus echinatus]
650 ## - ASSUNTO--TERMO TÓPICO
Cabeçalho tópico ou nome geográfico FISIOLOGIA VEGETAL
650 ## - ASSUNTO--TERMO TÓPICO
Cabeçalho tópico ou nome geográfico ERVA DANINHA
650 ## - ASSUNTO--TERMO TÓPICO
Cabeçalho tópico ou nome geográfico CAPIM CARRAPICHO
650 ## - ASSUNTO--TERMO TÓPICO
Cabeçalho tópico ou nome geográfico GERMINACAO
650 ## - ASSUNTO--TERMO TÓPICO
Cabeçalho tópico ou nome geográfico HERBICIDA
773 0# - ENTRADA ANALÍTICA
Título Bragantia (Brazil)
ISSN - International Standard Serial Number ISSN 0006-8705
Partes relacionadas (Nov 1977), v. 36(36) p. 259-269
Número de controle do registro BR7802779
909 ## -
-- 202311
-- Lúcia
-- 55
-- Lúcia Elande
942 ## - ELEMENTOS DE ENTRADA ADICIONADOS (KOHA)
Fonte da classificação ou esquema de arquivamento na estante Classificação AGRIS
Ocultar no OPAC Não
Tipo de material Koha Analítica
Exemplares
Situação do descarte Fonte da classificação ou esquema de arquivamento na estante Situação física Não pode ser emprestado Biblioteca de origem Biblioteca atual Localização na estante Enumeração do periódico / cronologia Total de empréstimos Data de último acesso Número do exemplar Tipo de material Koha Fonte de aquisição
  Classificação AGRIS   Consulta local Biblioteca Nacional de Agricultura - Binagri Biblioteca Nacional de Agricultura - Binagri   (Nov 1977), v. 36(36) p. 259-269   29/11/2023 01 Periódicos Portaria Interministerial nº 164/94

BINAGRI

Telefone: (61)3218-2567/2388/3357/2097 - binagri@agro.gov.br

Ministério da Agricultura e Pecuária , Esplanada dos Ministérios, Bloco D, Anexo B, Brasília/DF, CEP: 70.043-900